00559cam a2200181 a 4500020003500000040000800035082002600043100002500069245006700094250001200161260005300173300003200226650001900258650001900277650002900296650002900325700002300354 a1555878997 (pbk. : alk. paper) cDLC00a327 LYN 2001 A014 Or.1 aMcWilliams, Wayne C.14aThe World since 1945 :ba history of international relations / a5th ed. aBoulder, Co. :bLynne Rienner Publishers,c2001. axi, 628 p.:bill. ;c23 cm. 0aWorld politics 0aWorld politics 0aInternational relations. 0aMilitary history, Modern1 aPiotrowski, Harry.